| 000 | 02268nam a22003617a 4500 | ||
|---|---|---|---|
| 001 | B-261918-923 | ||
| 003 | dpl | ||
| 005 | 20080606122156.0 | ||
| 008 | 080606t xxu||||| |||| 00| 0 eng d | ||
| 010 | _aB-261918-923 | ||
| 020 |
_a81842369432 _c495.00 |
||
| 035 | _aB-261918-923 | ||
| 037 | _bSuper Book Distributors/22.4.08/27/8.4.08/19.5.08/495.00/ | ||
| 040 |
_aDPL _bEN |
||
| 082 | _a030 | ||
| 245 |
_a 8000 more things you should know: _bDinosaurs, prehistoric life, sharks, insects, birds, mammals, ancient history, modern history |
||
| 246 |
_aEight thousand more things you should know: _bDinosaurs, prehistoric life, sharks, insects, birds, mammals, ancient history, modern history |
||
| 260 |
_aGreat Bardfield _bMiles Kelly Publishing _c2007 |
||
| 260 |
_aNew Delhi _bSuper Book Distributors |
||
| 270 |
_aBardfield Centre, _bEssex CM 74 SL |
||
| 270 |
_aF-1/16, Basement Ansari Road, Darya Ganj _bNew Delhi _e110002 |
||
| 300 |
_a511p. _bcol. photos _c25 cm.(Hb) |
||
| 700 | _aGallagher, Belinda | ||
| 942 |
_2ddc _cCH _h030 _mMOR |
||
| 999 |
_c13418 _d13418 |
||